Iran Past and Present / (Record no. 6990)
[ view plain ]
| 000 -LEADER | |
|---|---|
| fixed length control field | 00510nam a2200205 a 4500 |
| 001 - CONTROL NUMBER | |
| JCCL Control Number | 6990 |
| 003 - CONTROL NUMBER IDENTIFIER | |
| JCCL marc code | BD-JhCC |
| 005 - DATE AND TIME OF LATEST TRANSACTION | |
| control field | 20180203180622.0 |
| 008 - FIXED-LENGTH DATA ELEMENTS--GENERAL INFORMATION | |
| fixed length control field | 180203s1965 usa |||| |||| 000 0 eng d |
| 035 ## - SYSTEM CONTROL NUMBER | |
| system control number | (BD-JhCC) |
| 040 ## - CATALOGING SOURCE | |
| Original cataloging agency | BD-JhCC |
| Modifying agency | BD-JhCC |
| 041 ## - LANGUAGE CODE | |
| Language code of Book | eng |
| 082 ## - DEWEY DECIMAL CLASSIFICATION NUMBER | |
| Classification number | 955 |
| Author mark and Year | WIL 1963 |
| 100 ## - MAIN ENTRY--PERSONAL NAME | |
| Personal name | Wilber, Donald N. |
| 245 ## - TITLE STATEMENT | |
| Title | Iran Past and Present / |
| Statement of responsibility, etc | Donald N. Wilber |
| 260 ## - PUBLICATION, DISTRIBUTION, ETC. (IMPRINT) | |
| Place of publication, distribution, etc | New York: |
| Name of publisher, distributor, etc | Princeton University Press; |
| Date of publication, distribution, etc | 1963 |
| 300 ## - PHYSICAL DESCRIPTION | |
| Pagination | 311 p;, |
| Dimensions | 22 cm |
| 650 ## - SUBJECT ADDED ENTRY--TOPICAL TERM | |
| Topical term or geographic name as entry element | Iran |
| 942 ## - ADDED ENTRY ELEMENTS (KOHA) | |
| Source of classification or shelving scheme | Dewey Decimal Classification |
| Koha item type | Books |
| Source of classification or shelving scheme | Damaged status | Not for loan | Home library | Current library | Shelving location | Date of accession | Total Checkouts | Full call number | Barcode | Date last seen | Copy number | Koha item type |
|---|---|---|---|---|---|---|---|---|---|---|---|---|
| Dewey Decimal Classification | JCC Rouf Library | JCC Rouf Library | General Stacks | 02/03/2018 | 955 WIL 1963 | 9647 | 02/03/2018 | C-1 | Books |